000 00698nam a22002297a 4500
005 20170124110210.0
010 _aB-064944
020 _c175.00
_a8175880988
035 _aB-064944
037 _bCen Lib/Ret
040 _aDPL
_bEN
082 _a351.722
_bJAI
100 _aJain, R.K.
_973299
245 _aExcise and customs budget :
_cby R.K. Jain
_bwith excise and customs notifications,2001-02 /
250 _a9th ed
260 _aNew Delhi
_bCentury Publications
270 _a1512--B, bhishm pitamah marg
_bNew Delhi
_e110003
300 _a320p.
_c21cm(Hb)
650 _aBudgeting
_938058
650 _aCustoms budget
_938059
942 _2ddc
_cEN
_h351.722
_mJAI
999 _c133480
_d133480